[Event "XV Festival Conca della Presolana A"]
[Site "Bratto - Castione della Presolana ITA"]
[Date "1995.08.??"]
[Round "6"]
[White "Nurkic, Sahbaz"]
[Black "Rosino, Antonio"]
[Result "1-0"]
[WhiteElo "2420"]
[BlackElo "2320"]
[PlyCount "137"]
[EventDate "1995.08.21"]

1.e4 e5 2.Nf3 Nc6 3.Bb5 Nf6 4.Qe2 Be7 5.O-O d6 6.c3 O-O 7.d3 Bd7 8.Rd1 a6 
9.Ba4 Re8 10.Nbd2 Bf8 11.Nf1 Nd4 12.cxd4 Bxa4 13.b3 Bd7 14.dxe5 dxe5 15.
Bg5 h6 16.Bh4 c5 17.Ne3 Bd6 18.h3 a5 19.Nc4 Ra6 20.Rac1 Bc7 21.Ne3 Rc6 22.
g4 Qb8 23.Bxf6 Rxf6 24.Rxc5 Bb6 25.Rc2 Bxe3 26.Qxe3 h5 27.Nh2 hxg4 28.hxg4
Rg6 29.f3 f5 30.exf5 Bxf5 31.Rg2 Bd7 32.Nf1 Rc6 33.Ng3 Qd6 34.Ne4 Qd4 35.
Qxd4 exd4 36.f4 Rec8 37.f5 Rc1 38.Rxc1 Rxc1+ 39.Kf2 Bb5 40.Rg3 Rc2+ 41.Ke1
Rxa2 42.g5 a4 43.bxa4 Rxa4 44.g6 Ra6 45.Rf3 Kf8 46.Rh3 Bd7 47.Rh8+ Ke7 48.
f6+ Rxf6 49.Nxf6 Kxf6 50.Rh4 Kxg6 51.Rxd4 Bc6 52.Rf4 Bd7 53.Rf8 b5 54.Kd2 
Be6 55.Rb8 Kf5 56.Rxb5+ Kf4 57.Ke2 g5 58.Rb4+ Kg3 59.Ke3 g4 60.Rb6 Bc8 61.
d4 Kh2 62.Rb2+ Kh3 63.Kf4 Be6 64.Rb5 Kh2 65.d5 Bd7 66.Rb2+ Kh3 67.d6 Be6 
68.Rc2 Bd7 69.Rc7 1-0

[Event "XV Festival Conca della Presolana A"]
[Site "Bratto - Castione della Presolana ITA"]
[Date "1995.08.??"]
[Round "6"]
[White "Piva, Giorgio"]
[Black "Menoni, Vincenzo"]
[Result "0-1"]
[WhiteElo "2190"]
[BlackElo "2250"]
[PlyCount "86"]
[EventDate "1995.08.21"]

1.d4 Nf6 2.c4 g6 3.Nc3 Bg7 4.e4 d6 5.f3 O-O 6.Be3 Nc6 7.Qd2 a6 8.Nge2 Rb8 
9.Nc1 e5 10.d5 Nd4 11.N1e2 c5 12.dxc6 bxc6 13.Nxd4 exd4 14.Bxd4 d5 15.cxd5
cxd5 16.e5 Nd7 17.f4 f6 18.e6 Re8 19.Be2 Rxe6 20.O-O Nb6 21.b3 f5 22.Bf3 
Rd6 23.Rad1 Be6 24.Rfe1 Bf7 25.a4 Nd7 26.Bxg7 Kxg7 27.Qd4+ Nf6 28.b4 Rc8 
29.Be2 Qb6 30.Nb1 Qxd4+ 31.Rxd4 Re6 32.Rdd1 Rce8 33.Kf1 Re4 34.b5 Rxf4+ 
35.Bf3 Rxe1+ 36.Kxe1 Rxa4 37.Nc3 Ra3 38.Nxd5 Bxd5 39.Bxd5 axb5 40.Bc6 Rb3 
41.h3 Rb2 42.Rd4 b4 43.Kf1 Kf7 0-1

[Event "XV Festival Conca della Presolana A"]
[Site "Bratto - Castione della Presolana ITA"]
[Date "1995.08.??"]
[Round "6"]
[White "Righi, Ezio"]
[Black "Campini, Marco"]
[Result "1/2-1/2"]
[WhiteElo "2180"]
[BlackElo "2066"]
[PlyCount "73"]
[EventDate "1995.08.21"]

1.e4 c5 2.Nf3 d6 3.d4 cxd4 4.Nxd4 Nf6 5.Nc3 a6 6.Be3 e6 7.f3 Qc7 8.Qd2 Be7
9.g4 h6 10.O-O-O Nc6 11.Kb1 Nxd4 12.Bxd4 b5 13.h4 b4 14.Ne2 e5 15.Be3 Be6 
16.Ng3 Qa5 17.b3 d5 18.g5 hxg5 19.hxg5 Rxh1 20.Nxh1 d4 21.gxf6 dxe3 22.
fxg7 exd2 23.g8=Q+ Bf8 24.Rxd2 Qc5 25.Qg5 Be7 26.Qg2 a5 27.Qf2 Qc6 28.Qe2 
Rb8 29.Nf2 a4 30.Qa6 Qc3 31.Qd3 Bg5 32.Qxc3 bxc3 33.Rd3 axb3 34.axb3 Bxb3 
35.cxb3 Rxb3+ 36.Kc2 Rb2+ 37.Kxc3 1/2-1/2

[Event "XV Festival Conca della Presolana A"]
[Site "Bratto - Castione della Presolana ITA"]
[Date "1995.08.??"]
[Round "6"]
[White "Sgnaolin, Davide"]
[Black "Garofalo, Pietro"]
[Result "1/2-1/2"]
[WhiteElo "1994"]
[BlackElo "2130"]
[PlyCount "75"]
[EventDate "1995.08.21"]

1.e4 e6 2.d4 d5 3.Nc3 dxe4 4.Nxe4 Nd7 5.Nf3 Ngf6 6.Nxf6+ Nxf6 7.Bd3 c5 8.
c3 cxd4 9.cxd4 Bb4+ 10.Bd2 Bxd2+ 11.Qxd2 O-O 12.O-O b6 13.Rac1 Bb7 14.Be2 
Qd6 15.Rfd1 Rac8 16.h3 Rfd8 17.Rxc8 Rxc8 18.Ne5 Qc7 19.Bf3 Bxf3 20.Nxf3 
Qc2 21.Qxc2 Rxc2 22.Rd2 Rc1+ 23.Kh2 Kf8 24.g3 Ke7 25.Kg2 Nd5 26.Ne5 f6 27.
Nd3 Rc4 28.Ne1 Rc1 29.Nd3 Rc6 30.Kf3 Kd6 31.Ke2 Rc4 32.Ne1 Nb4 33.a3 Nc6 
34.Ke3 Kd5 35.Nc2 Ne7 36.Kd3 Rc7 37.Ne3+ Kd6 38.Rc2 1/2-1/2

[Event "XV Festival Conca della Presolana A"]
[Site "Bratto - Castione della Presolana ITA"]
[Date "1995.08.??"]
[Round "6"]
[White "Soprano, Paolo"]
[Black "Marchini, Massimo"]
[Result "1/2-1/2"]
[WhiteElo "2049"]
[BlackElo "2190"]
[PlyCount "101"]
[EventDate "1995.08.21"]

1.Nf3 Nf6 2.g3 c5 3.c4 g6 4.Bg2 Bg7 5.O-O O-O 6.Nc3 Nc6 7.d4 d6 8.e3 Bf5 
9.Re1 Ne4 10.Bd2 Nxd2 11.Qxd2 Qa5 12.Rac1 Bg4 13.d5 Bxf3 14.Bxf3 Ne5 15.
Be2 a6 16.f4 Nd7 17.Red1 Rab8 18.b3 b5 19.Kf2 bxc4 20.Bxc4 Nb6 21.Nb1 Nxc4
22.Rxc4 Qb5 23.Nc3 Qd7 24.Kg2 h5 25.h3 a5 26.Na4 Rb4 27.Rdc1 Rfb8 28.Qd3 
Bf6 29.Qe2 Rxc4 30.Rxc4 Rb4 31.Rxb4 axb4 32.g4 hxg4 33.hxg4 e6 34.e4 exd5 
35.exd5 Qd8 36.Qe4 Bd4 37.g5 Kg7 38.Qe2 Qd7 39.Kg3 Qb7 40.Qe4 Qb5 41.Kg2 
Qa6 42.Qf3 Qc8 43.Nb6 Qf5 44.Nc4 Qc2+ 45.Kh3 Qxa2 46.Nxd6 Bg1 47.Nc4 Qh2+ 
48.Kg4 Bf2 49.Qh3 Qg1+ 50.Kf3 Bd4 51.d6 1/2-1/2

[Event "XV Festival Conca della Presolana A"]
[Site "Bratto - Castione della Presolana ITA"]
[Date "1995.08.??"]
[Round "7"]
[White "Bancod, Ronald"]
[Black "Barlocco, Carlo"]
[Result "1-0"]
[WhiteElo "2385"]
[BlackElo "2160"]
[PlyCount "55"]
[EventDate "1995.08.21"]

1.e4 c5 2.Nf3 e6 3.d3 g6 4.g3 Bg7 5.Bg2 Ne7 6.O-O O-O 7.c3 Nbc6 8.d4 d6 9.
dxc5 dxc5 10.Na3 b6 11.Qe2 Bb7 12.Rd1 Qc8 13.Nb5 Ba6 14.a4 Qb7 15.h4 h5 
16.Bg5 Rfd8 17.Nd2 Ne5 18.Nc4 Nxc4 19.Qxc4 Rd7 20.e5 Nd5 21.Qe2 c4 22.Qxc4
Rc8 23.Qe2 Qc6 24.Rd4 Qc5 25.Rad1 Kh7 26.Kh2 Re8 27.c4 Bxb5 28.axb5 1-0

[Event "XV Festival Conca della Presolana A"]
[Site "Bratto - Castione della Presolana ITA"]
[Date "1995.08.??"]
[Round "7"]
[White "Battaggia, Piergiorgio"]
[Black "Fabbri, Mario"]
[Result "1/2-1/2"]
[WhiteElo "2000"]
[BlackElo "2210"]
[PlyCount "61"]
[EventDate "1995.08.21"]

1.d4 d5 2.c4 c6 3.cxd5 cxd5 4.Nc3 Nf6 5.Nf3 e6 6.Bf4 Be7 7.e3 O-O 8.Bd3 
Nc6 9.h3 Bd7 10.O-O Nh5 11.Bh2 g6 12.Rc1 f5 13.Ne5 Be8 14.Be2 Nf6 15.Nb5 
Bd7 16.Nc7 Rc8 17.Nxd7 Qxd7 18.Nb5 Ne4 19.Nc3 Bd6 20.Bxd6 Qxd6 21.Nxe4 
fxe4 22.Bb5 a6 23.Bxc6 Rxc6 24.Rc3 Rxc3 25.bxc3 Qc6 26.Qg4 b5 27.f3 exf3 
28.Rxf3 Rxf3 29.gxf3 Kf7 30.Qf4+ Ke7 31.Qh4+ 1/2-1/2

[Event "XV Festival Conca della Presolana A"]
[Site "Bratto - Castione della Presolana ITA"]
[Date "1995.08.??"]
[Round "7"]
[White "Campini, Marco"]
[Black "Bascetta, Biagio"]
[Result "1-0"]
[WhiteElo "2066"]
[BlackElo "1908"]
[PlyCount "73"]
[EventDate "1995.08.21"]

1.e4 e6 2.d4 d5 3.e5 c5 4.c3 Nc6 5.Nf3 Qb6 6.a3 a5 7.Bd3 Bd7 8.Bc2 Qa6 9.
Be3 cxd4 10.cxd4 Nge7 11.Nc3 g6 12.Bd3 Qb6 13.O-O Nf5 14.Be2 Na7 15.Qd2 
Be7 16.g4 Nxe3 17.fxe3 Rc8 18.Rf2 Nb5 19.Nd1 Qc7 20.Bd3 O-O 21.Qe2 Qb6 22.
g5 Na7 23.Nc3 Kg7 24.h4 Rh8 25.Nh2 h5 26.gxh6+ Rxh6 27.Raf1 Rf8 28.Rf6 
Bxf6 29.exf6+ Kh8 30.Ng4 Rh5 31.Ne5 Rxe5 32.dxe5 d4 33.h5 g5 34.Qg4 Bc6 
35.Qxg5 Rg8 36.Bg6 Rxg6 37.hxg6 1-0

[Event "XV Festival Conca della Presolana A"]
[Site "Bratto - Castione della Presolana ITA"]
[Date "1995.08.??"]
[Round "7"]
[White "Contin, Daniel"]
[Black "Belotti, Bruno"]
[Result "1/2-1/2"]
[WhiteElo "2365"]
[BlackElo "2380"]
[PlyCount "33"]
[EventDate "1995.08.21"]

1.c4 Nf6 2.Nf3 g6 3.b3 Bg7 4.Bb2 O-O 5.g3 c6 6.Bg2 d5 7.O-O Bf5 8.Qc1 Qc8 
9.Rd1 Rd8 10.d4 Ne4 11.Qf4 Nd7 12.Ne5 Nxe5 13.dxe5 dxc4 14.Re1 c3 15.Nxc3 
Nxc3 16.Bxc3 Qc7 17.Rac1 1/2-1/2

[Event "XV Festival Conca della Presolana A"]
[Site "Bratto - Castione della Presolana ITA"]
[Date "1995.08.??"]
[Round "7"]
[White "D'Apa, Stefano"]
[Black "Ferretti, Folco"]
[Result "0-1"]
[WhiteElo "2205"]
[BlackElo "2270"]
[PlyCount "140"]
[EventDate "1995.08.21"]

1.d4 d5 2.Nf3 Nc6 3.Bf4 Bg4 4.Nbd2 e6 5.e3 Bd6 6.Bg3 Nge7 7.Be2 O-O 8.O-O 
Ng6 9.c4 Bxg3 10.hxg3 Re8 11.Rc1 Rb8 12.Re1 dxc4 13.Rxc4 e5 14.d5 Bxf3 15.
Bxf3 Nce7 16.Nb3 Nc8 17.e4 Nb6 18.Rc3 Ne7 19.Nc5 Qd6 20.Qc2 g6 21.Rd1 h5 
22.Qc1 Kg7 23.Nd3 c6 24.dxc6 Nxc6 25.Qg5 Qf6 26.Qe3 Red8 27.Rdc1 Rd4 28.
Nc5 Na4 29.Nxa4 Rxa4 30.a3 Rd4 31.Bd1 Rbd8 32.Be2 Rd2 33.R3c2 Qd6 34.Kh2 
Rxc2 35.Rxc2 Nd4 36.Rc1 Rh8 37.Bc4 Qf6 38.Bd5 h4 39.g4 Qb6 40.b4 Re8 41.
Rc5 Re7 42.Qg5 Qf6 43.Qxf6+ Kxf6 44.g3 Kg5 45.Rc4 Kxg4 46.gxh4 Nf3+ 47.Kg2
Nxh4+ 48.Kf1 Nf3 49.Rc3 Nd4 50.Rg3+ Kf4 51.Kg2 Rc7 52.Rh3 f5 53.Rh8 Nc2 
54.exf5 gxf5 55.Rh4+ Kg5 56.Rh3 e4 57.b5 Ne1+ 58.Kf1 Nf3 59.Kg2 Kf4 60.Rh1
Ke5 61.Ba2 Rc2 62.Bb3 Rc3 63.Bd1 Rxa3 64.Bxf3 exf3+ 65.Kg3 b6 66.Re1+ Kd5 
67.Kf4 Kc4 68.Rb1 Ra5 69.Kxf3 Rxb5 70.Rc1+ Kd3 0-1

[Event "XV Festival Conca della Presolana A"]
[Site "Bratto - Castione della Presolana ITA"]
[Date "1995.08.??"]
[Round "7"]
[White "De Barberis, Massimo"]
[Black "Lupo, Alfredo"]
[Result "0-1"]
[WhiteElo "2140"]
[BlackElo "1997"]
[PlyCount "20"]
[EventDate "1995.08.21"]

1.e4 e5 2.Bc4 Nf6 3.Nc3 Nc6 4.d3 d6 5.Be3 Be7 6.Nge2 O-O 7.O-O Kh8 8.f4 
Ng4 9.Nd5 Na5 10.f5 c6 0-1

[Event "XV Festival Conca della Presolana A"]
[Site "Bratto - Castione della Presolana ITA"]
[Date "1995.08.??"]
[Round "7"]
[White "Everet, Alexandro"]
[Black "Piva, Giorgio"]
[Result "0-1"]
[WhiteElo "2095"]
[BlackElo "2190"]
[PlyCount "110"]
[EventDate "1995.08.21"]

1.e4 c5 2.Nf3 Nc6 3.Bc4 d6 4.O-O Nf6 5.Nc3 g6 6.d3 Bg7 7.h3 O-O 8.Bf4 a6 
9.a4 Nd7 10.Qd2 Nde5 11.Nxe5 dxe5 12.Be3 Nd4 13.a5 Bxh3 14.Bxd4 cxd4 15.
gxh3 dxc3 16.Qxc3 Rc8 17.Qe1 Bh6 18.Qe2 e6 19.Kh1 Kh8 20.f3 Qe7 21.c3 Bf4 
22.b4 Rfd8 23.Ra2 Qd7 24.Rb1 Qe7 25.Qf1 Rc7 26.b5 axb5 27.Rxb5 Rdd7 28.Rb1
Qg5 29.Qg2 Qh6 30.Kg1 Bc1 31.Bb5 Rd8 32.Rc2 Be3+ 33.Kh1 Ra8 34.Ra1 Rc5 35.
c4 Bd4 36.Raa2 Qe3 37.Qf1 Rc7 38.Rg2 Bc3 39.Qe2 Qc1+ 40.Rg1 Qh6 41.Qg2 
Rxa5 42.Rxa5 Bxa5 43.Rd1 Bb6 44.Ra1 Rc8 45.Qf1 Rd8 46.Kg2 Bc5 47.Rd1 Qg5+ 
48.Kh1 Qf4 49.Ba4 Ra8 50.Bb3 Ra3 51.Rb1 b6 52.Kg2 Qd2+ 53.Kh1 Be3 54.c5 
Bf4 55.Qg2 Rxb3 0-1

[Event "XV Festival Conca della Presolana A"]
[Site "Bratto - Castione della Presolana ITA"]
[Date "1995.08.??"]
[Round "7"]
[White "Eynard, Valdo"]
[Black "Mazzotti, Carlo"]
[Result "1/2-1/2"]
[WhiteElo "1909"]
[BlackElo "1904"]
[PlyCount "111"]
[EventDate "1995.08.21"]

1.e4 e6 2.d4 d5 3.Nd2 Nf6 4.exd5 exd5 5.Bd3 Bd6 6.Ngf3 Qe7+ 7.Qe2 Qxe2+ 8.
Kxe2 O-O 9.Re1 Re8+ 10.Kf1 Rxe1+ 11.Kxe1 Nc6 12.c3 Bg4 13.h3 Bh5 14.g4 Bg6
15.Bxg6 hxg6 16.b4 Re8+ 17.Kf1 Nd8 18.Bb2 Ne6 19.Re1 Kf8 20.a3 Nf4 21.
Rxe8+ Kxe8 22.Ng1 b5 23.Nb3 Ne4 24.Ne2 Nxh3 25.f3 Neg5 26.Kg2 Nf4+ 27.Nxf4
Bxf4 28.Bc1 Ne6 29.Kf2 Ke7 30.Be3 Kd6 31.Nc1 g5 32.Nd3 c6 33.Ke2 Bxe3 34.
Kxe3 f6 35.Nb2 Nc7 36.a4 bxa4 37.Nxa4 Ne6 38.Nb2 Nd8 39.Kd3 Nf7 40.Nd1 g6 
41.Ne3 Nh6 42.Ke2 Kc7 43.Kd3 f5 44.c4 dxc4+ 45.Kxc4 Kd6 46.Kd3 fxg4 47.
fxg4 Ng8 48.Kc4 a6 49.Kb3 Nf6 50.Ka4 Nd5 51.Nc4+ Kc7 52.Ka5 Nf6 53.Ne5 Kb7
54.Ka4 Kb6 55.Nc4+ Kc7 56.Ne5 1/2-1/2

[Event "XV Festival Conca della Presolana A"]
[Site "Bratto - Castione della Presolana ITA"]
[Date "1995.08.??"]
[Round "7"]
[White "Fuggetta, Leonardo"]
[Black "Bozzali, Ermanno"]
[Result "1/2-1/2"]
[WhiteElo "2115"]
[BlackElo "1947"]
[PlyCount "139"]
[EventDate "1995.08.21"]

1.c4 c5 2.Nc3 e6 3.Nf3 Nf6 4.e4 d6 5.g3 Be7 6.d4 cxd4 7.Nxd4 O-O 8.Bg2 a6 
9.O-O Qc7 10.Qd3 Nc6 11.Nxc6 bxc6 12.b3 Bb7 13.Bb2 Nd7 14.Na4 Bf6 15.Bxf6 
Nxf6 16.Rac1 c5 17.Nc3 Rad8 18.Rfd1 Kh8 19.Rd2 Rd7 20.Rcd1 Rfd8 21.h3 Bc6 
22.Qe3 Qb7 23.f4 Ng8 24.Qf2 Ne7 25.g4 Ng6 26.Re1 e5 27.f5 Nf4 28.Re3 Qb4 
29.Bf1 Rb8 30.Kh2 Qa5 31.Qe1 Qd8 32.Qg3 g5 33.Kg1 Qf6 34.Rh2 Kg7 35.Rf3 
Rh8 36.Be2 Ra7 37.Rff2 Raa8 38.Kf1 Qd8 39.Qe3 h6 40.Qd2 Qc7 41.Kg1 Rh7 42.
Bf1 Rah8 43.Qe3 Qe7 44.Rd2 h5 45.Qg3 h4 46.Qe1 Rb8 47.Qd1 Rd8 48.Rhf2 Rd7 
49.Kh2 Rh8 50.Kg1 Qd8 51.Qb1 Qa5 52.Qc2 f6 53.Bg2 Kf7 54.Rf1 Rb8 55.Rfd1 
Ke7 56.Kf2 Rb4 57.Bf1 Qb6 58.Kg1 Qb7 59.Re1 Rd8 60.Kh2 Qa8 61.Qd1 Rb6 62.
Qc2 Rd7 63.Qd1 Rb8 64.Qc2 Qb7 65.Re3 Qc8 66.Qd1 Qg8 67.Qb1 Qd8 68.Qd1 Rdb7
69.Qc2 Rb4 70.Re1 1/2-1/2

[Event "XV Festival Conca della Presolana A"]
[Site "Bratto - Castione della Presolana ITA"]
[Date "1995.08.??"]
[Round "7"]
[White "Gardi, Giuseppe"]
[Black "Sgnaolin, Davide"]
[Result "0-1"]
[WhiteElo "1902"]
[BlackElo "1994"]
[PlyCount "90"]
[EventDate "1995.08.21"]

1.d4 d5 2.e3 e6 3.Bd3 c5 4.c3 Nc6 5.f4 Nf6 6.Nd2 Be7 7.Qf3 b6 8.Nh3 Bb7 9.
a4 Rc8 10.O-O Qd7 11.Nf2 h5 12.Nh3 Ng4 13.Qe2 f5 14.Nf3 Nf6 15.Bd2 Ne4 16.
Be1 h4 17.Bxe4 dxe4 18.Nfg5 cxd4 19.cxd4 Bb4 20.Qc4 Bxe1 21.Rfxe1 Ne5 22.
Qxe6+ Qxe6 23.Nxe6 Nd3 24.Re2 Ke7 25.Neg5 Rc7 26.Nf2 Rhc8 27.Nxd3 exd3 28.
Rd2 Be4 29.Kf2 Rc2 30.Nxe4 fxe4 31.Rd1 Rxd2+ 32.Rxd2 Rc4 33.b3 Rc3 34.b4 
Ra3 35.a5 bxa5 36.bxa5 Rxa5 37.g4 hxg3+ 38.Kxg3 Ra1 39.f5 Rf1 40.Kg4 Rf3 
41.Ra2 Rxe3 42.Rxa7+ Kd6 43.Ra1 Re2 44.Kf4 d2 45.Rd1 e3 0-1

[Event "XV Festival Conca della Presolana A"]
[Site "Bratto - Castione della Presolana ITA"]
[Date "1995.08.??"]
[Round "7"]
[White "Garofalo, Pietro"]
[Black "Magalotti, Andrea"]
[Result "1/2-1/2"]
[WhiteElo "2130"]
[BlackElo "2205"]
[PlyCount "32"]
[EventDate "1995.08.21"]

1.d4 f5 2.g3 Nf6 3.Bg2 g6 4.Nf3 Bg7 5.b3 d6 6.Bb2 O-O 7.O-O c6 8.c4 a5 9.
Nc3 Na6 10.d5 e5 11.dxe6 Bxe6 12.a3 Qe7 13.Qc2 Nd7 14.e3 Ndc5 15.Rad1 Rfd8
16.Nd4 Qc7 1/2-1/2

[Event "XV Festival Conca della Presolana A"]
[Site "Bratto - Castione della Presolana ITA"]
[Date "1995.08.??"]
[Round "7"]
[White "Marchini, Massimo"]
[Black "Ciampi, Vincenzo"]
[Result "1/2-1/2"]
[WhiteElo "2190"]
[BlackElo "2160"]
[PlyCount "35"]
[EventDate "1995.08.21"]

1.d4 Nf6 2.Nf3 e6 3.c4 b6 4.g3 Bb4+ 5.Bd2 Be7 6.Bg2 Bb7 7.O-O O-O 8.Nc3 c6
9.e4 d5 10.cxd5 cxd5 11.e5 Ne4 12.Re1 Nxd2 13.Nxd2 Nc6 14.Nf1 Rc8 15.Ne3 
Na5 16.Bf1 Bb4 17.Rc1 Qd7 18.Bb5 1/2-1/2

[Event "XV Festival Conca della Presolana A"]
[Site "Bratto - Castione della Presolana ITA"]
[Date "1995.08.??"]
[Round "7"]
[White "Menoni, Vincenzo"]
[Black "Rosino, Antonio"]
[Result "1-0"]
[WhiteElo "2250"]
[BlackElo "2320"]
[PlyCount "79"]
[EventDate "1995.08.21"]

1.e4 e5 2.f4 Qh4+ 3.g3 Qe7 4.Nc3 exf4 5.d4 fxg3 6.Bf4 d5 7.hxg3 Nf6 8.e5 
c6 9.Qd3 Ne4 10.Nxe4 dxe4 11.Qe2 Bf5 12.O-O-O Qe6 13.d5 cxd5 14.Qb5+ Nc6 
15.Qxb7 Rb8 16.Qa6 Rb6 17.Qa4 Bc5 18.Nh3 O-O 19.Ng5 Qe7 20.Rxd5 Nb4 21.Rd2
h6 22.Rdh2 Rg6 23.a3 Na2+ 24.Kb1 Nc3+ 25.bxc3 Rb8+ 26.Ka1 Qb7 27.Qb3 Rb6 
28.Bc4 Rxb3 29.cxb3 Be6 30.Nxe6 fxe6 31.Bxh6 Re8 32.Bg5 Kf7 33.Rh7 Be7 34.
Bh6 Rg8 35.Be3 Kg6 36.Bxe6 Qa6 37.Bxg8 Qd3 38.Bd4 Bg5 39.e6 Bf6 40.e7 1-0

[Event "XV Festival Conca della Presolana A"]
[Site "Bratto - Castione della Presolana ITA"]
[Date "1995.08.??"]
[Round "7"]
[White "Pagnoncelli, Marco"]
[Black "Giretti Kanev, Jasen"]
[Result "1/2-1/2"]
[WhiteElo "2165"]
[BlackElo "2063"]
[PlyCount "141"]
[EventDate "1995.08.21"]

1.e4 d6 2.d4 g6 3.Nc3 Bg7 4.Be3 Nd7 5.f3 e5 6.Nge2 Ne7 7.g3 O-O 8.Bg2 c6 
9.O-O Nb6 10.b3 Be6 11.Qd2 Qc7 12.Rad1 Rad8 13.a4 d5 14.Qc1 dxe4 15.fxe4 
Bg4 16.dxe5 Qxe5 17.h3 Bxe2 18.Nxe2 Qc7 19.Bc5 Be5 20.Qg5 Nbc8 21.Nf4 b6 
22.Be3 Bg7 23.Nd3 Bd4 24.Bxd4 Rxd4 25.Rd2 c5 26.Rdf2 Nd6 27.Ne5 Rxe4 28.
Ng4 Re6 29.Nf6+ Kg7 30.Rf4 Ng8 31.Nd5 Qd8 32.Qg4 Nh6 33.Qf3 Ndf5 34.g4 Nd4
35.Qc3 Kg8 36.Kh1 Ne2 37.Nf6+ Rxf6 38.Qxf6 Ng3+ 39.Kh2 Nxf1+ 40.Rxf1 Qxf6 
41.Rxf6 Rd8 42.Rf2 Kg7 43.Re2 Rd7 44.Kg3 g5 45.Bc6 Rd6 46.Bb5 Re6 47.Rd2 
Re3+ 48.Kg2 Re7 49.Rd5 f6 50.Rd2 Nf7 51.Kf2 h5 52.gxh5 Ne5 53.Rd6 Nf7 54.
Rd2 Nh6 55.c3 Nf5 56.b4 cxb4 57.cxb4 Kh6 58.Be2 Re4 59.Rd7 Rxb4 60.Rxa7 
Nd4 61.Bd3 f5 62.Rf7 Kxh5 63.Bxf5 Nxf5 64.Rxf5 Rxa4 65.Rb5 Kh4 66.Rxb6 
Kxh3 67.Rh6+ Kg4 68.Rg6 Ra2+ 69.Kg1 Kf4 70.Rb6 g4 71.Rb3 1/2-1/2

[Event "XV Festival Conca della Presolana A"]
[Site "Bratto - Castione della Presolana ITA"]
[Date "1995.08.??"]
[Round "7"]
[White "Wyss, Walter"]
[Black "Righi, Ezio"]
[Result "1/2-1/2"]
[WhiteElo "2240"]
[BlackElo "2180"]
[PlyCount "59"]
[EventDate "1995.08.21"]

1.e4 e5 2.Nf3 Nc6 3.Bb5 a6 4.Bxc6 dxc6 5.O-O Qd6 6.d3 Bg4 7.Be3 f6 8.Nbd2 
Ne7 9.h3 Be6 10.d4 exd4 11.Nxd4 Bf7 12.f4 O-O-O 13.Qe2 Qd7 14.Rad1 Ng6 15.
N2b3 Qe8 16.Na5 Qxe4 17.Naxc6 Re8 18.Qg4+ f5 19.Nxf5 Be6 20.Ncd4 Bc5 21.
Nxe6 Bxe3+ 22.Nxe3 Qxe3+ 23.Kh1 Qxe6 24.Qxe6+ Rxe6 25.f5 Rf6 26.fxg6 Rxg6 
27.Rf7 Rd8 28.Re1 h5 29.Ree7 Rc6 30.c3 1/2-1/2

[Event "XV Festival Conca della Presolana A"]
[Site "Bratto - Castione della Presolana ITA"]
[Date "1995.08.??"]
[Round "8"]
[White "Belotti, Bruno"]
[Black "Bancod, Ronald"]
[Result "1-0"]
[WhiteElo "2380"]
[BlackElo "2385"]
[PlyCount "63"]
[EventDate "1995.08.21"]

1.e4 c5 2.Nf3 d6 3.d4 cxd4 4.Nxd4 Nf6 5.Nc3 g6 6.Be2 Bg7 7.O-O O-O 8.Bg5 
a6 9.Re1 b5 10.Bf1 Bb7 11.Nd5 Nbd7 12.a4 bxa4 13.Rxa4 Nc5 14.Rb4 Re8 15.
Rxb7 Nxd5 16.Nc6 Qc8 17.Nxe7+ Nxe7 18.Rxe7 Rxe7 19.Bxe7 Bxb2 20.Qxd6 Ne6 
21.Qd3 a5 22.Rb1 Be5 23.g3 Qc7 24.Qd5 Ra7 25.Ba3 Bd4 26.Bc4 a4 27.Bd6 Qa5 
28.Rb8+ Kg7 29.Bf8+ Kf6 30.e5+ Bxe5 31.Qf3+ Nf4 32.Rb1 1-0

[Event "XV Festival Conca della Presolana A"]
[Site "Bratto - Castione della Presolana ITA"]
[Date "1995.08.??"]
[Round "8"]
[White "Ciampi, Vincenzo"]
[Black "Everet, Alexandro"]
[Result "1/2-1/2"]
[WhiteElo "2160"]
[BlackElo "2095"]
[PlyCount "33"]
[EventDate "1995.08.21"]

1.e4 c5 2.Nf3 Nc6 3.d4 cxd4 4.Nxd4 e6 5.Nb5 a6 6.Nd6+ Bxd6 7.Qxd6 Qe7 8.
Qd1 Nf6 9.Nc3 b5 10.a3 d5 11.Bd3 d4 12.Ne2 e5 13.Ng3 Be6 14.Qe2 O-O 15.Bd2
Nd7 16.O-O Nc5 17.f4 1/2-1/2

[Event "XV Festival Conca della Presolana A"]
[Site "Bratto - Castione della Presolana ITA"]
[Date "1995.08.??"]
[Round "8"]
[White "Lupo, Alfredo"]
[Black "Wyss, Walter"]
[Result "1/2-1/2"]
[WhiteElo "1997"]
[BlackElo "2240"]
[PlyCount "53"]
[EventDate "1995.08.21"]

1.e4 c5 2.Nc3 Nc6 3.Nge2 e6 4.g3 g6 5.Bg2 Bg7 6.O-O Nge7 7.d3 O-O 8.Be3 
Nd4 9.Qd2 d6 10.Rae1 Bd7 11.Nd1 Bc6 12.c3 Nxe2+ 13.Rxe2 b6 14.Bh6 d5 15.e5
Qc7 16.g4 Rae8 17.Bxg7 Kxg7 18.g5 Rh8 19.Qf4 Nf5 20.Ne3 h5 21.Rd2 Qe7 22.
h4 Rc8 23.Re1 Qc7 24.Nxf5+ exf5 25.d4 c4 26.Qe3 Rhe8 27.f4 1/2-1/2

[Event "XV Festival Conca della Presolana A"]
[Site "Bratto - Castione della Presolana ITA"]
[Date "1995.08.??"]
[Round "8"]
[White "Magalotti, Andrea"]
[Black "Gardi, Giuseppe"]
[Result "1-0"]
[WhiteElo "2205"]
[BlackElo "1902"]
[PlyCount "33"]
[EventDate "1995.08.21"]

1.e4 d5 2.exd5 Nf6 3.d4 Nxd5 4.Nf3 Bg4 5.Be2 e6 6.O-O Nc6 7.c4 Nb6 8.Be3 
Bxf3 9.Bxf3 Nxc4 10.Qa4 Nb6 11.Bxc6+ bxc6 12.Qxc6+ Nd7 13.d5 e5 14.Nc3 a6 
15.Rad1 f5 16.Bg5 Qc8 17.Qe6+ 1-0

[Event "XV Festival Conca della Presolana A"]
[Site "Bratto - Castione della Presolana ITA"]
[Date "1995.08.??"]
[Round "8"]
[White "Mazzotti, Carlo"]
[Black "Garofalo, Pietro"]
[Result "1/2-1/2"]
[WhiteElo "1904"]
[BlackElo "2130"]
[PlyCount "32"]
[EventDate "1995.08.21"]

1.e4 e6 2.d4 d5 3.Nc3 dxe4 4.Nxe4 Nd7 5.Nf3 Ngf6 6.Bd3 Nxe4 7.Bxe4 Nf6 8.
Bg5 Be7 9.Bxf6 Bxf6 10.c3 c6 11.Qc2 Qc7 12.O-O-O b6 13.Ne5 Bb7 14.f4 O-O-O
15.Qa4 Bxe5 16.dxe5 c5 1/2-1/2

[Event "XV Festival Conca della Presolana A"]
[Site "Bratto - Castione della Presolana ITA"]
[Date "1995.08.??"]
[Round "8"]
[White "Nurkic, Sahbaz"]
[Black "Menoni, Vincenzo"]
[Result "1-0"]
[WhiteElo "2420"]
[BlackElo "2250"]
[PlyCount "61"]
[EventDate "1995.08.21"]

1.e4 e6 2.d4 d5 3.Nd2 Nf6 4.e5 Nfd7 5.Bd3 c5 6.c3 Nc6 7.Ne2 cxd4 8.cxd4 f6
9.exf6 Nxf6 10.O-O Bd6 11.Nf3 Qc7 12.Bg5 O-O 13.Rc1 Ng4 14.h3 Rxf3 15.hxg4
Rf7 16.Bb1 Bd7 17.Rc3 g6 18.f4 b5 19.Rcf3 Qb6 20.Kh1 Re8 21.f5 gxf5 22.
gxf5 e5 23.Rg3 Kh8 24.dxe5 Bxe5 25.Rh3 d4 26.Qe1 Qc5 27.Qh4 Qd6 28.Qh5 Qf8
29.Nf4 Qg7 30.f6 Bxf6 31.Bxh7 1-0

[Event "XV Festival Conca della Presolana A"]
[Site "Bratto - Castione della Presolana ITA"]
[Date "1995.08.??"]
[Round "8"]
[White "Piva, Giorgio"]
[Black "Bellini, Fabio"]
[Result "0-1"]
[WhiteElo "2190"]
[BlackElo "2350"]
[PlyCount "96"]
[EventDate "1995.08.21"]

1.d4 Nf6 2.c4 e6 3.Nf3 d5 4.cxd5 exd5 5.Bg5 c6 6.Qc2 Na6 7.a3 Nc7 8.e3 Ne6
9.Bh4 Be7 10.Bd3 g6 11.Nc3 O-O 12.O-O Ng7 13.b4 a6 14.Rab1 Bf5 15.a4 Rc8 
16.Bxf6 Bxf6 17.Rfc1 Re8 18.h3 h5 19.Ne2 Bg5 20.Ng3 Bxd3 21.Qxd3 h4 22.Nf1
Bf6 23.b5 Qa5 24.bxa6 bxa6 25.Qc3 Qxc3 26.Rxc3 Ne6 27.N1h2 c5 28.Ng4 Bg7 
29.Rc2 cxd4 30.Rxc8 Rxc8 31.exd4 Nxd4 32.Nxd4 Bxd4 33.Ne3 Bxe3 34.fxe3 Rc4
35.Rd1 Rxa4 36.Rxd5 Ra2 37.Rd4 g5 38.Rg4 f6 39.Rb4 a5 40.Rb7 a4 41.Ra7 a3 
42.Kf1 Ra1+ 43.Ke2 a2 44.Kf2 Kf8 45.Ra8+ Ke7 46.Ra7+ Kd6 47.Ra6+ Kc5 48.
Ra8 f5 0-1

[Event "XV Festival Conca della Presolana A"]
[Site "Bratto - Castione della Presolana ITA"]
[Date "1995.08.??"]
[Round "8"]
[White "Righi, Ezio"]
[Black "Barlocco, Carlo"]
[Result "0-1"]
[WhiteElo "2180"]
[BlackElo "2160"]
[PlyCount "54"]
[EventDate "1995.08.21"]

1.e4 c5 2.Nf3 e6 3.d4 cxd4 4.Nxd4 Nc6 5.Nc3 a6 6.Be3 Qc7 7.g3 Ne5 8.Bg2 
Ba3 9.Nd5 exd5 10.bxa3 Qc3+ 11.Ke2 Nf6 12.Bf4 Qc4+ 13.Ke1 d6 14.f3 O-O 15.
Qd2 dxe4 16.fxe4 Re8 17.h3 d5 18.Qb4 Bd7 19.Kd2 Nxe4+ 20.Bxe4 dxe4 21.Bxe5
Qxb4+ 22.axb4 Rxe5 23.c4 Rc8 24.Rac1 e3+ 25.Kd3 Rd8 26.Rce1 Bc6 27.Rhf1 
Re4 0-1